Understanding media : the extensions of man

Αποθηκεύτηκε σε:
Λεπτομέρειες βιβλιογραφικής εγγραφής
Κύριος συγγραφέας: McLuhan, Marshall 1911-
Μορφή: Βιβλίο
Γλώσσα:English
Δημοσίευση: London : Routledge, 1964
Θέματα:
Ετικέτες: Προσθήκη ετικέτας
Δεν υπάρχουν, Καταχωρήστε ετικέτα πρώτοι!

MARC

LEADER 00000nam a2200000 i 4500
001 1/77886
008 980203s1964 eng d
020 |a 0-415-10483-1 
035 |a 1997  |b 2  |c Αγορά/Σκούρτου  |l 10032782 
040 |a GR-MY-UA  |b gre  |e aacr 
041 0 |a eng 
082 0 |a 301.2 
100 1 |a McLuhan, Marshall  |d 1911- 
245 1 0 |a Understanding media :  |b the extensions of man /  |c Marshall McLuhan 
260 |a London :   |b Routledge,   |c 1964 
300 |a 359 p. 
650 0 0 |a Communication. 
650 0 0 |a Communication and traffic. 
650 0 0 |a Technology and civilization. 
650 0 0 |a Communication and technology. 
852 |a INST  |b RHODES  |e 19980203  |h 301.2 MCL  |p 005400011348  |q 005400011348  |t BK  |y 0 
901 |a BIBL-1998-1 
909 |a Ρ  |b 050823  |c 1997